000 00455cam a22001931 4500
001 3110805
005 20180131100532.0
008 730529s1956 nju 000 0 eng
010 _a 56005716
040 _aDLC
_cDLC
_dDLC
041 _aeng
080 _a330.1 ROL
082 0 0 _a330.1 ROL
100 1 _a52
101 _aEKO
245 0 2 _aA history of economic thought.
906 _a7
_bcbc
_corignew
_du
_eocip
_f19
_gy-gencatlg
942 _2ddc
_cBK
999 _c41421
_d41421